000 00651nam a22001577a 4500
008 161020b xxu||||| |||| 00| 0 eng d
082 _22001
_aDFil 370.7
_bP54
100 _916522
_aPhilippine Association for Teacher Education.
245 _a30th Annual PAFTE convention:
_bA framework for peace and development in the basic education continuum: implications to teacher education/
_cPhilippine Association for Teacher Education.
260 _as.l.:
_bs.n.,
_cc2001.
300 _a456 pages;
_c23 cm.
500 _aIncludes bibliographical references.
650 0 _916523
_aTeacher's
_xtraining
650 0 _916524
_aTeacher education.
942 _2ddc
_cDFIL
999 _c5334
_d5334